Fundamentals of engineering drawing : with an introduction to interactive computer graphics for design and production (Record no. 12373)

000 -LEADER
fixed length control field 00540nam a2200169 4500
020 ## - INTERNATIONAL STANDARD BOOK NUMBER
International Standard Book Number 9788120308855
082 ## - DEWEY DECIMAL CLASSIFICATION NUMBER
Classification number 604.24 LUZ
100 ## - MAIN ENTRY--PERSONAL NAME
Personal name Luzadder, Warren Jacob.
245 ## - TITLE STATEMENT
Title Fundamentals of engineering drawing : with an introduction to interactive computer graphics for design and production
250 ## - EDITION STATEMENT
Edition statement 11th ed.
260 ## - PUBLICATION, DISTRIBUTION, ETC.
Place of publication, distribution, etc. New Delhi, India
Name of publisher, distributor, etc. PHI Learning
Date of publication, distribution, etc. 1993
300 ## - PHYSICAL DESCRIPTION
Extent xii, 692 p.
Other physical details ill. ;
500 ## - GENERAL NOTE
General note Includes index.
650 ## - SUBJECT ADDED ENTRY--TOPICAL TERM
Topical term or geographic name entry element 1. Mechanical drawing. 2. Computer graphics.
700 ## - ADDED ENTRY--PERSONAL NAME
Personal name Duff, Jon M.
942 ## - ADDED ENTRY ELEMENTS (KOHA)
Koha item type Book
Holdings
Withdrawn status Lost status Damaged status Not for loan Collection code Permanent Location Current Location Shelving location Date acquired Source of acquisition Cost, normal purchase price Total Checkouts Full call number Barcode Date last seen Date last checked out Price effective from Koha item type
          Central Library (CL) Central Library (CL) General Stacks 12/27/2013 Saeed Book Bank 828.40 1 604.24 LUZ SEECS012755 05/24/2019 02/09/2019 12/29/2013 Book
© 2023 Central Library, National University of Sciences and Technology. All Rights Reserved.